00941nam a2200229Ia 4500008004100000020001800041040001800059041000800077100002300085245010100108260006200209300002500271504003800296650003200334650002000366650004600386650003100432650007500463651006000538651006000598651005300658130821s2002 enk gr eng  a9780195161106 aCo-BoUCMbspa00aeng1 aNye, Joseph S. Jr.14aThe paradox of american power why the world's only superpower can't go it alonecJoseph S. Nye. aOxford (Oxfordshire, Inglaterra)bOxford Universityc2002 axviii, 222 páginas aIncluye bibliografía e índice04aCooperación internacional04aGlobalización04aPoder (Ciencias sociales)zEstados Unidos04aRelaciones internacionales04aTecnología de la informaciónxAspectos políticoszEstados Unidos 4aEstados UnidosbRelaciones internacionalesxFilosofía 4aEstados UnidosbRelaciones internacionalesxFilosofía 4aEstados UnidosbRelaciones internacionalesy2001